La contaminación : el equilibrio en peligro /

Guardado en:
Autor Principal: Beltrami, Carolina R.
Formato: Libro
Publicado: Buenos Aires : Longseller, 2001
Series:Compendios; No. 2
Materias:
Etiquetas: Agregar Etiqueta
Sin Etiquetas, Sea el primero en etiquetar este registro!
LEADER 00903nam a22002415a 4500
001 CEM.cems011843
005 20070606175216.0
008 130507s2001##################000#0#####d
003 CEMS
020 |a 9879481461 
082 0 4 |a 574.5 
100 1 |a Beltrami, Carolina R. 
245 1 0 |a La contaminación :  |b el equilibrio en peligro /  |c Carolina R. Beltrami 
260 |a Buenos Aires :  |b Longseller,  |c 2001 
300 |a 95 p. 
490 0 |a Compendios; No. 2 
505 0 |a Ecología y medio ambiente -- Contaminación -- Contaminación atmosférica -- Contaminación del suelo -- Contaminación del suelo -- La biodiversidad -- La sustentabilidad 
653 |a Contaminación 
653 |a Biología 
653 |a Medio ambiente 
653 |a Contaminación atmosférica 
859 |a CEMS  |b BIB. CEMS - 11 de abril  |h 574.5  |i B419  |p 22907.05  |t Ej.1 
859 |a CEMS  |b BIB. CEMS - 11 de abril  |h 574.5  |i B419  |p 22910.05  |t Ej.2